| 000 | 00447nam a2200181Ia 4500 | ||
|---|---|---|---|
| 005 | 20250423100002.0 | ||
| 008 | 250422s9999 xx 000 0 und d | ||
| 020 | _a0- 13- 919432- 0 | ||
| 050 | _aLB2393.L43 | ||
| 100 | _aRoni S. Lebauer | ||
| 245 | 0 | _aLearn to listen; listen to learn: academic listening and note- taking | |
| 250 | _a2nd | ||
| 260 | _bLongman | ||
| 260 | _c2000 | ||
| 300 | _a225 p | ||
| 650 | _aListening | ||
| 942 | _cBK | ||
| 999 |
_c31940 _d31940 |
||